L'Evolution de l'Empire allemand de 1871 jusqu'áa nos jours / (Registro nro. 143486)
[ vista simple ]
| 000 -LEADER | |
|---|---|
| campo de control de longitud fija | 00513nam a2200169 i 4500 |
| 001 - NÚMERO DE CONTROL | |
| campo de control | 143486 |
| 003 - IDENTIFICADOR DE NÚMERO DE CONTROL | |
| campo de control | ES-MaACL |
| 005 - FECHA Y HORA DE LA ÚLTIMA TRANSACCIÓN | |
| campo de control | 20230906200829.0 |
| 007 - CAMPO FIJO DE DESCRIPCIÓN FÍSICA--INFORMACIÓN GENERAL | |
| campo de control de longitud fija | t| |
| 008 - DATOS DE LONGITUD FIJA--INFORMACIÓN GENERAL | |
| campo de control de longitud fija | 070214s1914 fr |||| | fre d |
| 100 1# - ENTRADA PRINCIPAL--NOMBRE DE PERSONA | |
| Nombre de persona | Serrigny, Bernard. |
| 9 (RLIN) | 105836 |
| 245 12 - MENCIÓN DEL TÍTULO | |
| Título | L'Evolution de l'Empire allemand de 1871 jusqu'áa nos jours / |
| Mención de responsabilidad, etc. | Bernard Serrigny. |
| 260 ## - PUBLICACIÓN, DISTRIBUCIÓN, ETC. | |
| Lugar de publicación, distribución, etc. | Tours : |
| Nombre del editor, distribuidor, etc. | E. Arrault, |
| Fecha de publicación, distribución, etc. | 1914. |
| 300 ## - DESCRIPCIÓN FÍSICA | |
| Extensión | VI, 330 p. ; |
| Dimensiones | 19 x 12 cm. |
| 651 #4 - PUNTO DE ACCESO ADICIONAL DE MATERIA--NOMBRE GEOGRÁFICO | |
| Nombre geográfico | Alemania- |
| Subdivisión general | Historia- |
| Subdivisión cronológica | 1871-1918. |
| 9 (RLIN) | 7660 |
| 852 ## - LOCALIZACIÓN | |
| Ubicación | ES-MaACL |
| Número de control de estantería | F-5864 |
| Estatus retirado | Estado de pérdida | Estado de daño | No para préstamo | Biblioteca de origen | Biblioteca actual | Ubicación en estantería | Fecha de adquisición | Fuente de adquisición | Total de préstamos | Signatura topográfica completa | Código de barras | Visto por última vez | Precio de reemplazo | Tipo de ítem Koha |
|---|---|---|---|---|---|---|---|---|---|---|---|---|---|---|
| Biblioteca del Ateneo de Madrid | Biblioteca del Ateneo de Madrid | Depósito 2 | 17/01/2008 | F-5864 | 1149287 | 23/02/2023 | 23/02/2023 | Libro impreso |
